| 000 | 01067nam0a22002891 4500 | ||
|---|---|---|---|
| 001 | v19\rc\1531518 | ||
| 005 | 20250618174838.0 | ||
| 035 | _a(NLR Aleph) 004651450 | ||
| 090 |
_a3427724 _c3427724 |
||
| 100 | _a20060620e18871887|||y0rusy50 ca | ||
| 101 | 0 | _arus | |
| 102 | _aRU | ||
| 105 | _ay z |||a| | ||
| 200 | 1 |
_aОдин для всех _eРассказ |
|
| 210 |
_aСанкт-Петербург _cРед. журн. "Чтение для солдат" _d1887 |
||
| 215 |
_a28 с. _d21 |
||
| 311 | _aОтт. из журн.: Чтение для солдат. 1887, кн. 2, вып. 4; авт. установлен по подписи к статье в журн. | ||
| 488 | 0 |
_12001#$aЧтение для солдат$v1887, кн. 2, вып. 4 _tЧтение для солдат |
|
| 700 | 1 |
_aОдынец _bК.И. _gКамилла Ивановна |
|
| 801 | 0 |
_aRU _bNLR _gpsbo |
|
| 801 | 0 |
_aRU _bRuMoRGB _2psbo |
|
| 801 | 1 |
_aRU _bProSoft-M _2rusmarc |
|
| 852 |
_aNLR _j18.319.1.146 |
||
| 899 |
_aRuMoRGB _jA 201/676 |
||
| 899 | _aБАН | ||
| 942 | _cBOOK | ||
| 980 | _aNB | ||